000
00406nam a2200169Ia 4500
008
090711s9999 xx 000 0 und d
082
_b
43334
100
_a
कीर गिरिजा
245
_a
दंश
260
_c
1981
300
_a
90
600
_a
कीर गिरिजा
630
_a
दंश
700
_a
कीर गिरिजा
730
_a
दंश
942
_c
BOOK
999
_c
295744
_d
295744